| 000 | 00378cam a2200145ua 4500 | ||
|---|---|---|---|
| 041 |
_amal _h |
||
| 082 |
_a894.8121 _bEZH/JA |
||
| 100 | _aEzhuthachan, . | ||
| 245 |
_aJaimeneeyasamadwam ( Kilippattu ) / _cEzhuthachan. _hTextual Documents |
||
| 260 |
_aThrissur : _bKerala Sahitya Academy , _c1963. |
||
| 300 | _a780 ; . | ||
| 504 | _a | ||
| 942 | _cBK | ||
| 999 |
_c5129 _d5129 |
||